| 000 | 00913njm a22002417a 4500 | ||
|---|---|---|---|
| 005 | 20100830154044.0 | ||
| 006 | a|||||r|||||00| 0 | ||
| 007 | sd ammalaaahaa | ||
| 008 | 100830t xxu||||| |||| 00| 0 eng d | ||
| 028 |
_aN 16781 _bHis Master's Voice |
||
| 028 | _aOMD 5105 | ||
| 035 | _aGR-00023 | ||
| 040 |
_aSED _cSED |
||
| 245 |
_aSarode va taanpura / _csung by Ali Akbar Khan _h[sound recording] : |
||
| 260 |
_aDum Dum, India _bHis Master's Voice |
||
| 300 |
_a1 sound disc [Gramophone recording] : _banalog, 33 1/3 rpm _c9.5 in. (MP) _fGramophone Record |
||
| 500 | _aBrief Record | ||
| 505 | _aSarode va taanpura (Jodh Darbari Kanda) --Sarode va taanpura (Alap DarbariKanda) | ||
| 650 |
_aClassical music _zIndia _917566 _xExcerpts |
||
| 700 |
_aKhan, Ali Akbar _917567 |
||
| 942 |
_2ddc _cGR |
||
| 999 |
_c43160 _d43160 |
||